000 02246nam a2200553 i 4500
001 15116
003 KOSZ 005
005 20200622095145.0
008 200401s1972 pl a f 001 0 pol
015 _aUWD 1972/10892
035 _a991034877819705066
035 _a(PL-WaBN)b19383927-48omnis_nlop
035 _ab19383927
035 _a(OCoLC)830840089
035 _a(PL)b0000001938392
035 _a(EXLNZ-48OMNIS_NETWORK)9910260169705606
040 _aWA N
_cWA N
_dKOSZ 005/RW
046 _k1972
080 _a543.42
245 0 0 _aZagadnienia podstawowe spektralnej analizy atomowej :
_bpraca zbiorowa /
_c[redakcja naukowa Władysław Gajewski ; autorzy : Karol Boboli et al.].
260 _aWarszawa :
_bWydawnictwa Naukowo-Techniczne,
_c1972.
300 _a744, [4] strony, [2] karty tablic :
_bilustracje ;
_c22 cm.
336 _aTekst
_btxt
_2rdacontent
337 _aBez urządzenia pośredniczącego
_bn
_2rdamedia
338 _aWolumin
_bnc
_2rdacarrier
380 _aKsiążki
380 _aPublikacje naukowe
388 _a1901-2000
388 _a1945-1989
504 _aBibliografia przy rozdziałach. Indeks.
521 8 _aKsiążka przeznaczona jest dla chemików-analityków zatrudnionych w laboratoriach analizy spektralnej oraz pracowniach naukowo-badawczych, a także dla słuchaczy wydziałów chemicznych politechnik i uniwersytetów.
650 7 _aAnaliza spektralna
_2DBN
650 7 _aSpektroskopia atomowa
_2DBN
650 7 _aZastosowanie i wykorzystanie
655 7 _aPraca zbiorowa
658 _aChemia
700 1 _aBoboli, Karol
_d(1931-2004)
_eAutor
700 1 _aCzakow, Julian
_d(?-2006)
_eAutor
700 1 _aFijałkowski, Jerzy
_d(1924-1990)
_eAutor
700 1 _aGałązka, Jerzy
_eAutor
700 1 _aKucharzewski, Bohdan
_eAutor
700 1 _aMolenda, Kazimierz
_eAutor
700 1 _aStrzyżewska, Bożena
_eAutor
700 1 _aGajewski, Władysław
_d(1937- )
_eRedakcja
710 2 _aWydawnictwa Naukowo-Techniczne
_4pbl
856 _uhttp://koha.tu.koszalin.pl/cgi-bin/koha/opac-detail.pl?biblionumber=15116
_yKatalog online BPK
942 _2UKD
_cKS
999 _c15116
_d15116